El cuidado de libros y documentos : (Record no. 193120)

MARC details
000 -LEADER
campo de control de longitud fija 01472nam a2200409 i 4500
001 - NÚMERO DE CONTROL
campo de control 193120
003 - IDENTIFICADOR DE NÚMERO DE CONTROL
campo de control SpMaBN
005 - FECHA Y HORA DE LA ÚLTIMA TRANSACCIÓN
campo de control 20250825092212.0
007 - CAMPO FIJO DE DESCRIPCIÓN FÍSICA--INFORMACIÓN GENERAL
campo de control de longitud fija ta
008 - DATOS DE LONGITUD FIJA--INFORMACIÓN GENERAL
campo de control de longitud fija 230821s1997 sp | ||| ||spa
016 7# - NÚMERO DE CONTROL DE UNA AGENCIA BIBLIOGRÁFICA NACIONAL
Número de control del registro bimoBNE19981600355
Fuente SpMaBN
017 ## - NÚMERO DE COPYRIGHT O DE DEPÓSITO LEGAL
Número de copyright o de depósito legal M 41717-1997
Agencia que asigna Oficina Depósito Legal Madrid
020 ## - NÚMERO INTERNACIONAL ESTÁNDAR DEL LIBRO
Número Internacional Estándar del Libro 8489142157
035 ## - NÚMERO DE CONTROL DEL SISTEMA
Número de control de sistema (OCoLC)318220694
035 ## - NÚMERO DE CONTROL DEL SISTEMA
Número de control de sistema bimo0000915185
040 ## - FUENTE DE CATALOGACIÓN
Centro catalogador/agencia de origen SpMaBN
Lengua de catalogación spa
Centro/agencia transcriptor SpMaBN
Normas de descripción rdc
080 ## - NÚMERO DE LA CLASIFICACIÓN DECIMAL UNIVERSAL
Número de la Clasificación Decimal Universal 025.85
100 1# - ENTRADA PRINCIPAL--NOMBRE DE PERSONA
Nombre de persona McCleary, John
Número de control del registro de autoridad o número normalizado XX1026877
9 (RLIN) 233979
245 13 - MENCIÓN DEL TÍTULO
Título El cuidado de libros y documentos :
Resto del título manual práctico para su conservación y restauración /
Mención de responsabilidad, etc. John McCleary, Luis Crespo
250 ## - MENCION DE EDICION
Mención de edición 1ª ed.
260 ## - PUBLICACIÓN, DISTRIBUCIÓN, ETC.
Lugar de publicación, distribución, etc. [Madrid] :
Nombre del editor, distribuidor, etc. Clan,
Fecha de publicación, distribución, etc. D.L. 1997
300 ## - DESCRIPCIÓN FÍSICA
Extensión 174 p. :
Otras características físicas il. ;
Dimensiones 31 cm
336 ## - TIPO DE CONTENIDO
Fuente rdacontent
Término de tipo de contenido Texto
337 ## - TIPO DE MEDIO
Fuente rdamedia
Nombre/término del tipo de medio sin mediación
338 ## - TIPO DE SOPORTE
Fuente rdacarrier
Nombre/término del tipo de soporte volumen
490 1# - MENCIÓN DE SERIE
Mención de serie Artes y oficios del libro ;
Designación de volumen o secuencia 2
500 ## - NOTA GENERAL
Nota general Catalogación provisional. Signatura: N 8599. Depósito J.
650 #7 - PUNTO DE ACCESO ADICIONAL DE MATERIA--TÉRMINO DE MATERIA
Término de materia o nombre geográfico como elemento de entrada Libros-
Subdivisión general Preservación
Fuente del encabezamiento o término
9 (RLIN) 147655
650 #4 - PUNTO DE ACCESO ADICIONAL DE MATERIA--TÉRMINO DE MATERIA
Término de materia o nombre geográfico como elemento de entrada Libros-
Subdivisión general Restauración
9 (RLIN) 14437
700 ## - ENTRADA AGREGADA--NOMBRE PERSONAL
Nombre de persona Crespo Arca, Luis
9 (RLIN) 233980
852 ## - LOCALIZACIÓN
Ubicación ES-MaACL
itemnumber 200433
Sublocalización o colección R.128369
Número de control de estantería N-8599
Ubicación en estantería Depósito J
Donativo/Legado Donación: Editorial
Nota libre En proceso
942 ## - ELEMENTOS DE ENTRADA SECUNDARIOS (KOHA)
Suprimir en OPAC No
Tipo de ítem Koha Libro impreso
Holdings
Estatus retirado Estado de pérdida Fuente del sistema de clasificación o colocación Estado de daño No para préstamo Colección Biblioteca de origen Biblioteca actual Ubicación en estantería Fecha de adquisición Fuente de adquisición Total de préstamos Signatura topográfica completa Código de barras Visto por última vez Precio de reemplazo Tipo de ítem Koha
    Clasificación decimal universal     Biblioteca profesional Biblioteca del Ateneo de Madrid Biblioteca del Ateneo de Madrid Depósito J 21/08/2023 Donación   N-8599 101205726 21/08/2023 21/08/2023 Libro impreso